书目信息 |
| 题名: |
汉曹全碑
|
|
| 作者: | ;历代碑帖法书选编辑组 编 | |
| 分册: | ||
| 出版信息: | 北京 文物出版社 1982 |
|
| 页数: | 不详 | |
| 开本: | 26cm | |
| 丛书名: | ||
| 单 册: | ||
| 中图分类: | J292.22 | |
| 科图分类: | ||
| 主题词: | 隶书-碑帖--中国--东汉时代 , 碑帖-隶书--中国--东汉时代 | |
| 电子资源: | ||
| ISBN: | ||
| 000 | 00716nam0 2200253 45 | |
| 001 | 0182007631 | |
| 005 | 20040519171448.8 | |
| 010 | @dCNY0.52 | |
| 091 | @a8068.853 | |
| 100 | @a19950522d1982 em y0chiy0121 ea | |
| 101 | 0 | @achi |
| 102 | @aCN@b110000 | |
| 105 | @ay z 000yy | |
| 106 | @ar | |
| 200 | 10 | @a汉曹全碑@Ahan cao quan bei@f《历代碑帖法书选》编辑组编 |
| 210 | @a北京@c文物出版社@d1982 | |
| 215 | @a不详@d26cm | |
| 606 | @a隶书-碑帖@y中国@z东汉时代 | |
| 606 | @a碑帖-隶书@y中国@z东汉时代 | |
| 690 | @aJ292.22@v3 | |
| 711 | 02 | @a历代碑帖法书选编辑组@Ali dai bei tie fa shu xuan bian ji zu@4编 |
| 801 | 0 | @aCN@b上海图书馆@c20040519 |
| 801 | 2 | @aCN@bNLC@c20040519 |
| 905 | @f1@b64248@dJ292.22@e61 | |
| 汉曹全碑/《历代碑帖法书选》编辑组编.-北京:文物出版社,1982 |
| 不详;26cm |
| ISBN :CNY0.52 |
| ● |
| 相关链接 |
|
|
|
|
正题名:汉曹全碑
索取号:J292.22/61
 
预约/预借
| 序号 | 登录号 | 条形码 | 馆藏地/架位号 | 状态 | 备注 |
| 1 | 0064248 | 001929729 | 第一借阅区/ [索取号:J292.22/61] | 在馆 |